Normal view
MARC view
- Tomris Tangaz
Entry Personal Name
001 - CONTROL NUMBER
- control field: 27121
003 - CONTROL NUMBER IDENTIFIER
- control field: NUST
005 - DATE AND TIME OF LATEST TRANSACTION
- control field: 20191219120016.0
008 - FIXED-LENGTH DATA ELEMENTS
- fixed length control field: 191219|| aca||aabn | a|a d
040 ## - CATALOGING SOURCE
- Original cataloging agency: NUST
- Transcribing agency: NUST
100 ## - HEADING--PERSONAL NAME
- Personal name: Tomris Tangaz
670 ## - SOURCE DATA FOUND
- Source citation: Work cat.: (NUST): Tomris Tangaz, Interior Design Course: Principles, Practices, and Techniques for the Aspiring Designer, c2010
